| 000 | 00490nam a22001937a 4500 | ||
|---|---|---|---|
| 005 | 20230418183000.0 | ||
| 008 | 220328b2001 xxu||||| |||| 00| 0 spa d | ||
| 020 | _a9706513302 | ||
| 041 | _aESP | ||
| 082 | _aR 503 V872v | ||
| 245 | _aOcéano vocabulario técnico - científico | ||
| 260 | _aEspaña | ||
| 260 | _bOcéano Grupo Editorial | ||
| 300 | _a490 páginas | ||
| 650 |
_aDICCIONARIOS _974352 |
||
| 650 |
_aTÉCNICA _974353 |
||
| 650 |
_aCIENTÍFICO _974354 |
||
| 942 | _cREF | ||
| 999 |
_c13296 _d13296 |
||